Antología poética, organizada pelo autor /
Shranjeno v:
| Glavni avtor: | |
|---|---|
| Format: | Knjiga |
| Jezik: | Portuguese |
| Izdano: |
Rio de Janeiro:
Editora Record
1986.
|
| Izdaja: | 20. edición |
| Teme: | |
| Oznake: |
Označite
Brez oznak, prvi označite!
|
MARC
| LEADER | 00000nam a2200000 i 4500 | ||
|---|---|---|---|
| 001 | CSIC000248787 | ||
| 005 | 20150519150428.0 | ||
| 008 | 911119s1986 bl 000 p por d | ||
| 020 | |a 8472324052 | ||
| 040 | |a ES-MaCSI |b spa |c VL |d CRU CIICLA | ||
| 041 | |a por | ||
| 082 | |a Br869.1 |b A553a20 | ||
| 100 | 1 | |a Andrade, Carlos Drummond de |d 1902- | |
| 245 | 1 | 0 | |a Antología poética, organizada pelo autor / |c Carlos Drummond de Andrade |
| 250 | |a 20. edición | ||
| 260 | |a Rio de Janeiro: |b Editora Record |c 1986. | ||
| 300 | |a 271 páginas | ||
| 650 | 1 | 4 | |a LITERATURA BRASILEÑA |v POESIA |
| 942 | |2 ddc |c BK | ||
| 999 | |c 4121 |d 4121 | ||



